| 000 | 00000nas 2200000za 4500 |
| 001 | 9.842307 |
| 003 | CaOODSP |
| 005 | 20221107152309 |
| 007 | cr ||||||||||| |
| 008 | 170823d19861986oncar p oss f0###b0fre|d |
| 022 | |y0832-834X |
| 040 | |aCaOODSP|bfre |
| 043 | |an-cn--- |
| 086 | 1 |aCS11-204F-PDF |
| 110 | 1 |aCanada.|bStatistique Canada.|bDivision des communications. |
| 245 | 00|aRépertoire des publications |h[ressource électronique] / |cStatistique Canada. |
| 260 | |a[Ottawa] : |bStatistique Canada, Division des communications, |c[1986] |
| 310 | |aAnnuel |
| 362 | 0 |a1986. |
| 500 | |aPubli. aussi en anglais sous le titre : Current publications index. |
| 692 | 07|2gccst|aStatistique |
| 692 | 07|2gccst|aÉdition |
| 775 | 08|tCurrent publications index |w(CaOODSP)9.842302 |
| 780 | 00|tStatistique Canada catalogue |w(CaOODSP)9.842305 |
| 785 | 00|tCatalogue de Statistique Canada |w(CaOODSP)9.842309 |